Culture Générale - Série 416 - Statistiques

Statistiques générales
  • Ce quiz a été pris 478 fois
  • Le résultat moyen est 8 sur 10
Statistiques - réponses
Question Réponse % Correct
Au badminton, comment appelle-t-on le petit morceau de liège muni de 16 plumes destiné à être lancé et renvoyé ? Le volant
95%
Appelé "Rondelle" au Canada, "puck" en anglais, comment appelle-t-on en France l'objet plat et rond servant de "balle" au hockey sur glace ? Le palet
92%
Dans le film de 1933, comment s'appelle le singe géant qui enlève Ann et sème la panique à New York ? King Kong
90%
Quelle actrice connaît un "fabuleux destin" depuis son rôle d'Amélie Poulain ? Audrey Tautou
83%
Quel sport olympique comprend une course de ski de fond entrecoupée de tirs à la carabine ? Le biathlon
82%
A quel archipel méditerranéen, province de l'Espagne, appartiennent les îles de Majorque, Minorque et Ibiza ? Les Baléares
80%
Quelle actrice joue Cléopâtre dans le film "Astérix et Obélix : mission Cléopâtre" ? Monica Bellucci
75%
Quel acteur français a été le mari de Monica Bellucci jusqu'en 2013 ? Vincent Cassel
73%
Sous quel nom connait-on plus couramment la loi du 10 janvier 1991 relative à la lutte contre le tabagisme et l'alcoolisme ? La loi Evin
52%
Qui incarne Falbala dans le film de Claude Zidi, "Astérix et Obélix contre César" ? Laetitia Casta
48%
Aucun quiz correspondant
Distribution des résultats
% des personnes avec chaque résultat
Percentile par nombre de réponses
Votre historique - résultats
Vous n’avez pas pris ce quiz